000 00707cam a22001937a 4500
008 180718b xxu||||| |||| 00| 0 eng d
082 _aQ39 In2
100 _aIndia Disaster Management Training Country Workshop (1993 12-16 July :IIPA :New Delhi)
245 _aDisaster economics
260 _aNew Delhi
_bIndian Institute Of Public Administrationp.
_c
650 _aDisaster management
650 _aDisaster preparedness
650 _aDisasters
700 _aIndian Institute of Public Administration
700 _aSharma, Vinod C
700 _aAsian Disaster Preparedness Center, Bangkok
700 _aIndia. Department of Agriculture and Cooperation, Ministry of Agriculture
700 _aBull, Ross
999 _c476360
_d476360